[Event "16. Obert Int. Sant Martí 2014 Grupo B"]
[Site "Barcelona ESP"]
[Date "2014.07.17"]
[Round "5.51"]
[White "Vargas Ramirez, Ana Maria"]
[Black "Olive Oller, Guim"]
[Result "0-1"]
[WhiteElo "1796"]
[BlackElo "1989"]
[PlyCount "64"]
[EventDate "2014.07.13"]
[EventType "swiss"]
[EventRounds "9"]
[EventCountry "ESP"]
[Source "lmi"]
[SourceDate "2014.07.13"]

1. e4 c5 2. Nf3 Nc6 3. Nc3 d6 4. d4 cxd4 5. Nxd4 Nf6 6. Be2 g6 7. Be3 Bg7 8. f3
O-O 9. Qd2 a6 10. O-O-O Bd7 11. Nxc6 Bxc6 12. g4 Qa5 13. Kb1 b5 14. Nd5 Qd8 15.
Nxf6+ Bxf6 16. h4 a5 17. h5 a4 18. Rh3 Qa5 19. Qxa5 Rxa5 20. Rdh1 g5 21. h6 b4
22. Bb6 Raa8 23. Rd1 b3 24. cxb3 axb3 25. a3 Rfc8 26. Rc1 d5 27. exd5 Bxd5 28.
Rhh1 Rc2 29. Rxc2 bxc2+ 30. Kxc2 Rb8 31. Rd1 e6 32. Bd4 Bb3+ 0-1

[Event "16. Obert Int. Sant Martí 2014 Grupo B"]
[Site "Barcelona ESP"]
[Date "2014.07.17"]
[Round "5.52"]
[White "Palomero Galvez, Antoni"]
[Black "Brunet Gil, Pol"]
[Result "1/2-1/2"]
[WhiteElo "1750"]
[BlackElo "1880"]
[PlyCount "56"]
[EventDate "2014.07.13"]
[EventType "swiss"]
[EventRounds "9"]
[EventCountry "ESP"]
[Source "lmi"]
[SourceDate "2014.07.13"]

1. Nf3 d5 2. d4 Nf6 3. c4 c6 4. e3 Nbd7 5. Nc3 e6 6. cxd5 cxd5 7. Bd3 Be7 8.
O-O O-O 9. Bd2 Nb6 10. b3 a6 11. Ne5 Bd6 12. f4 Nbd7 13. Rf3 b5 14. a3 Bb7 15.
Rh3 Ne4 16. Nxd7 Qxd7 17. Nxe4 dxe4 18. Qh5 h6 19. Bb1 Qe8 20. Rg3 Kh7 21. Qg4
Rg8 22. Rh3 f5 23. Qe2 g6 24. b4 Kg7 25. Ba2 Bd5 26. g4 Rc8 27. gxf5 Bxa2 28.
Rxa2 exf5 1/2-1/2

[Event "16. Obert Int. Sant Martí 2014 Grupo B"]
[Site "Barcelona ESP"]
[Date "2014.07.17"]
[Round "5.53"]
[White "Bernat Pascual, Magí"]
[Black "Ylla Soro, Rafael"]
[Result "1-0"]
[WhiteElo "1869"]
[BlackElo "1799"]
[PlyCount "81"]
[EventDate "2014.07.13"]
[EventType "swiss"]
[EventRounds "9"]
[EventCountry "ESP"]
[Source "lmi"]
[SourceDate "2014.07.13"]

1. d4 f5 2. c4 Nf6 3. Nc3 e6 4. Nf3 b6 5. g3 Bb7 6. Bg2 Be7 7. O-O O-O 8. b3
Nc6 9. d5 exd5 10. Nxd5 Nb4 11. Nc3 Ne4 12. Bb2 Bf6 13. Nd4 Bxd4 14. Qxd4 Nc2
15. Qe5 Re8 16. Qxf5 Qe7 17. Rad1 Rad8 18. Nxe4 Bxe4 19. Bxe4 Qxe4 20. Qxe4
Rxe4 21. Rd2 Nb4 22. a3 Nc6 23. Rfd1 d6 24. e3 Ne5 25. Kg2 Rf8 26. Bxe5 Rxe5
27. Rd5 Rfe8 28. Rxe5 Rxe5 29. Rd5 Kf7 30. Rxe5 dxe5 31. Kf3 Kf6 32. Ke4 Ke6
33. f4 exf4 34. gxf4 c6 35. b4 g6 36. b5 cxb5 37. cxb5 h6 38. h3 h5 39. Kd4 g5
40. fxg5 Kf5 41. h4 1-0

[Event "16. Obert Int. Sant Martí 2014 Grupo B"]
[Site "Barcelona ESP"]
[Date "2014.07.17"]
[Round "5.54"]
[White "Fungueiriño Pique, Daniel"]
[Black "Negreira Rodriguez, Daniel"]
[Result "0-1"]
[WhiteElo "1864"]
[BlackElo "1786"]
[PlyCount "56"]
[EventDate "2014.07.13"]
[EventType "swiss"]
[EventRounds "9"]
[EventCountry "ESP"]
[Source "lmi"]
[SourceDate "2014.07.13"]

1. e4 e5 2. Nc3 Nc6 3. Nf3 Nf6 4. Be2 Bc5 5. d3 d5 6. exd5 Nxd5 7. Bd2 Nf4 8.
Bxf4 exf4 9. a3 Be7 10. Ne4 O-O 11. Qd2 Bf6 12. c3 Ne5 13. d4 Nxf3+ 14. Bxf3
Re8 15. O-O-O Bf5 16. Rhe1 Bg6 17. Nc5 c6 18. Rxe8+ Qxe8 19. Nxb7 Rb8 20. Nc5
h6 21. Re1 Qd8 22. Bxc6 Qf8 23. Nd7 Qxa3 24. Be4 Qa1+ 25. Kc2 Rxb2+ 26. Kd3
Rxd2+ 27. Kxd2 Qa2+ 28. Kd3 Bxe4+ 0-1

[Event "16. Obert Int. Sant Martí 2014 Grupo B"]
[Site "Barcelona ESP"]
[Date "2014.07.17"]
[Round "5.55"]
[White "Kazmierczak, Ewa"]
[Black "Rius Riu, Gerard"]
[Result "0-1"]
[WhiteElo "1563"]
[BlackElo "1846"]
[PlyCount "132"]
[EventDate "2014.07.13"]
[EventType "swiss"]
[EventRounds "9"]
[EventCountry "ESP"]
[Source "lmi"]
[SourceDate "2014.07.13"]

1. e4 c6 2. d4 d5 3. Nc3 dxe4 4. Nxe4 Bf5 5. Ng3 Bg6 6. h4 h6 7. Nf3 Nd7 8. h5
Bh7 9. Bd3 Bxd3 10. Qxd3 Ngf6 11. Be3 e6 12. O-O-O Be7 13. Nd2 Qc7 14. Ne2
O-O-O 15. f3 Nd5 16. Bf2 N7f6 17. a3 Nf4 18. Nxf4 Qxf4 19. Qe3 Qxe3 20. Bxe3
Nd5 21. Nf1 Nxe3 22. Nxe3 Bg5 23. Rhe1 Rd5 24. c3 Bxe3+ 25. Rxe3 Rxh5 26. Kc2
Rd5 27. b4 Kc7 28. c4 Rd7 29. Kc3 Rhd8 30. f4 b5 31. Re5 bxc4 32. Kxc4 Rd5 33.
Rd3 Kb6 34. g4 g6 35. a4 R8d7 36. Rxd5 Rxd5 37. Rh3 h5 38. g5 Rf5 39. Rh4 a5
40. bxa5+ Rxa5 41. Kb4 Rd5 42. Kc4 Ka5 43. Rh2 Rf5 44. Rf2 Rd5 45. Rh2 Rf5 46.
Rf2 f6 47. gxf6 Rxf6 48. Rg2 Rxf4 49. Rxg6 e5 50. Rg5 Rxd4+ 51. Kb3 Rb4+ 52.
Kc3 Kxa4 53. Rxh5 Rb5 54. Rh4+ Ka5 55. Rc4 Kb6 56. Kd3 Rd5+ 57. Ke4 Rd4+ 58.
Rxd4 exd4 59. Kxd4 Kb5 60. Kd3 Kb4 61. Kc2 Kc4 62. Kb2 Kd3 63. Kb3 c5 64. Kb2
c4 65. Kc1 Kc3 66. Kb1 Kd2 0-1

[Event "16. Obert Int. Sant Martí 2014 Grupo B"]
[Site "Barcelona ESP"]
[Date "2014.07.17"]
[Round "5.56"]
[White "Gonzalez Alonso, Marti"]
[Black "Julian Solera, Laura"]
[Result "1-0"]
[WhiteElo "1844"]
[BlackElo "1781"]
[PlyCount "111"]
[EventDate "2014.07.13"]
[EventType "swiss"]
[EventRounds "9"]
[EventCountry "ESP"]
[Source "lmi"]
[SourceDate "2014.07.13"]

1. e4 e6 2. d4 d5 3. exd5 exd5 4. Nf3 Nf6 5. Bd3 Bg4 6. O-O Nbd7 7. h3 Bh5 8.
Re1+ Be7 9. Bf4 Rc8 10. Qe2 Bxf3 11. Qxf3 O-O 12. Nc3 Re8 13. Nxd5 c6 14. Nxe7+
Rxe7 15. Bd6 Rxe1+ 16. Rxe1 Qb6 17. b3 Qxd4 18. Qd1 Qb2 19. a4 Ne8 20. Bf5 Nxd6
21. Bxd7 Rf8 22. Qxd6 Ra8 23. Re8+ Rxe8 24. Bxe8 g6 25. Qc7 Qf6 26. Qb8 Kg7 27.
Bd7 Qa1+ 28. Kh2 Qf6 29. f4 Qd4 30. Qe5+ Qxe5 31. fxe5 Kf8 32. Kg3 Ke7 33. Bc8
b6 34. Kf4 h6 35. g4 Ke8 36. e6 Ke7 37. exf7 g5+ 38. Ke5 Kxf7 39. Kd6 Ke8 40.
Kxc6 Ke7 41. Kb7 Kd8 42. Bf5 Ke7 43. Kxa7 Kd6 44. Kxb6 Ke7 45. a5 Kd6 46. a6
Ke5 47. a7 Kf4 48. a8=Q Kg3 49. Qh8 Kh4 50. Qxh6+ Kg3 51. Qxg5 Kxh3 52. Qh5+
Kg3 53. g5 Kf4 54. Qg4+ Ke5 55. Qe4+ Kd6 56. Qe6# 1-0

[Event "16. Obert Int. Sant Martí 2014 Grupo B"]
[Site "Barcelona ESP"]
[Date "2014.07.17"]
[Round "5.57"]
[White "Ramon Herraez, Alex"]
[Black "Farell Duran, Josep"]
[Result "0-1"]
[WhiteElo "1832"]
[BlackElo "1766"]
[PlyCount "134"]
[EventDate "2014.07.13"]
[EventType "swiss"]
[EventRounds "9"]
[EventCountry "ESP"]
[Source "lmi"]
[SourceDate "2014.07.13"]

1. d4 Nf6 2. Bf4 g6 3. Nf3 Bg7 4. e3 O-O 5. Be2 d6 6. O-O Nbd7 7. c4 c5 8. dxc5
Nxc5 9. Nc3 b6 10. Rc1 Bb7 11. Re1 a6 12. b3 Rc8 13. Qc2 Nfe4 14. Nxe4 Bxe4 15.
Qd1 Bb2 16. Nd2 Bxc1 17. Qxc1 Bd3 18. Qa1 f6 19. Bg4 Rc7 20. Bh6 Re8 21. b4 Nd7
22. Be6+ Kh8 23. Nf3 Ne5 24. Nxe5 dxe5 25. Bf7 Bxc4 26. Bxe8 Qxe8 27. f4 Qb5
28. Qd1 Rd7 29. Qb1 Rd2 30. fxe5 Qxe5 31. Qc1 Qb2 32. Qxb2 Rxb2 33. a3 Kg8 34.
Bf4 Ra2 35. Bc7 b5 36. Bd8 Kf7 37. Ba5 Ke6 38. Rd1 Bd5 39. g3 Rg2+ 40. Kf1 Rxh2
41. Ke1 Rh1+ 42. Kd2 Rxd1+ 43. Kxd1 h5 44. Ke2 Kf5 45. Kf2 e6 46. Bb6 Kg4 47.
Bd8 f5 48. Bc7 h4 49. gxh4 Kxh4 50. Bg3+ Kg4 51. Bd6 g5 52. Bc7 Kh3 53. Be5 g4
54. Bf4 Kh4 55. Be5 Kg5 56. Bc3 f4 57. exf4+ Kxf4 58. Bd2+ Kf5 59. Be3 Bf3 60.
Bc5 Ke4 61. Be3 Kd5 62. Bc1 e5 63. Bb2 e4 64. Bc1 Kc4 65. Be3 Kb3 66. Bc1 Kc2
67. Be3 Kb2 0-1

[Event "16. Obert Int. Sant Martí 2014 Grupo B"]
[Site "Barcelona ESP"]
[Date "2014.07.17"]
[Round "5.58"]
[White "Tasmin, Sultana"]
[Black "Jourde, Michel"]
[Result "0-1"]
[WhiteElo "1320"]
[BlackElo "1805"]
[PlyCount "104"]
[EventDate "2014.07.13"]
[EventType "swiss"]
[EventRounds "9"]
[EventCountry "ESP"]
[Source "lmi"]
[SourceDate "2014.07.13"]

1. Nf3 Nf6 2. g3 d5 3. Bg2 g6 4. b3 Bg7 5. Bb2 c5 6. d4 cxd4 7. Nxd4 O-O 8. O-O
e5 9. Nf3 e4 10. Ne5 Nc6 11. f4 Nxe5 12. Bxe5 Ng4 13. Bxg7 Kxg7 14. Qd4+ f6 15.
Nc3 Be6 16. h3 Nh6 17. Rad1 Nf5 18. Qd2 Rc8 19. Nxd5 Bxd5 20. Qxd5 Qb6+ 21. Kh2
Ne3 22. Qxe4 Nxf1+ 23. Rxf1 Rfe8 24. Qxb7+ Qxb7 25. Bxb7 Rxe2+ 26. Kg1 Rcxc2
27. Bf3 Rh2 28. h4 Rh3 29. Rf2 Rxg3+ 30. Bg2 Rxf2 31. Kxf2 Rc3 32. Be4 Rh3 33.
f5 Rxh4 34. Kf3 Rh2 35. fxg6 hxg6 36. Bb1 Rb2 37. Be4 Rxa2 38. Bd5 f5 39. Kf4
Kf6 40. Kf3 Rd2 41. Bc4 Ke5 42. Ke3 Rd4 43. Bf7 f4+ 44. Kf3 g5 45. Kg4 Kf6 46.
Bg8 Rd3 47. Bc4 Rg3+ 48. Kh5 f3 49. Bd3 f2 50. Bc4 Rh3+ 51. Kg4 Rh4+ 52. Kg3
Rxc4 0-1

[Event "16. Obert Int. Sant Martí 2014 Grupo B"]
[Site "Barcelona ESP"]
[Date "2014.07.17"]
[Round "5.59"]
[White "Muratet Carmona, Alexandra"]
[Black "Bienvenido Kleque, Jose"]
[Result "1-0"]
[WhiteElo "1901"]
[BlackElo "1737"]
[PlyCount "91"]
[EventDate "2014.07.13"]
[EventType "swiss"]
[EventRounds "9"]
[EventCountry "ESP"]
[Source "lmi"]
[SourceDate "2014.07.13"]

1. e4 c5 2. Nf3 Nc6 3. d4 cxd4 4. Nxd4 Nf6 5. Nc3 e5 6. Nxc6 bxc6 7. Bd3 d6 8.
O-O Be7 9. h3 O-O 10. Be3 Be6 11. f4 Bc8 12. Qf3 Bb7 13. Rad1 Qc7 14. fxe5 dxe5
15. Bc4 a6 16. g4 Ne8 17. Ne2 Bc8 18. Bxf7+ Kh8 19. Qg2 Nd6 20. Bb3 Bd7 21.
Rxf8+ Rxf8 22. Rf1 Rxf1+ 23. Kxf1 Qc8 24. Qf3 Be6 25. Bxe6 Qxe6 26. b3 Kg8 27.
Nc1 Nf7 28. Qf5 Qxf5+ 29. exf5 Bg5 30. Ke2 Be7 31. Nd3 Bd6 32. c4 h6 33. c5 Bc7
34. Nb4 a5 35. Nxc6 Kf8 36. a4 Nd8 37. Nxd8 Bxd8 38. Kd3 Bc7 39. Ke4 Ke7 40.
Kd5 Kd7 41. Bd2 e4 42. c6+ Ke7 43. Kxe4 Kd6 44. Bc3 Bd8 45. Bxg7 Bg5 46. f6 1-0

[Event "16. Obert Int. Sant Martí 2014 Grupo B"]
[Site "Barcelona ESP"]
[Date "2014.07.17"]
[Round "5.60"]
[White "Castilla Casanova, Víctor"]
[Black "Gomez Guinovart, Josep Manel"]
[Result "0-1"]
[WhiteElo "1754"]
[BlackElo "1873"]
[PlyCount "92"]
[EventDate "2014.07.13"]
[EventType "swiss"]
[EventRounds "9"]
[EventCountry "ESP"]
[Source "lmi"]
[SourceDate "2014.07.13"]

1. e4 e6 2. Nc3 d5 3. exd5 exd5 4. d4 c6 5. Bd3 Bd6 6. Nf3 Bg4 7. h3 Bh5 8. Be3
Ne7 9. Qe2 O-O 10. g4 Bg6 11. O-O-O Re8 12. Ne5 Bxd3 13. Qxd3 Nd7 14. f4 Qc7
15. h4 f6 16. Nxd7 Qxd7 17. Rhf1 Qxg4 18. Rh1 Qf5 19. Qxf5 Nxf5 20. Bf2 Bxf4+
21. Kb1 Bg3 22. Bxg3 Nxg3 23. Rh3 Nf5 24. Rf1 Nxd4 25. a3 Re6 26. Na4 b6 27.
Nc3 Rae8 28. Rf4 Ne2 29. Nxe2 Rxe2 30. c4 R2e4 31. Rxe4 dxe4 32. Kc2 Rd8 33.
Kb3 Rd3+ 34. Rxd3 exd3 35. Kc3 Kf7 36. Kxd3 g6 37. Kd4 h6 38. Ke4 g5 39. Kf3 f5
40. h5 Ke6 41. Ke3 Ke5 42. Kf3 g4+ 43. Kf2 Kf4 44. b3 g3+ 45. Kg2 Kg4 46. b4 f4
0-1

[Event "16. Obert Int. Sant Martí 2014 Grupo B"]
[Site "Barcelona ESP"]
[Date "2014.07.17"]
[Round "5.61"]
[White "Navarro Pastor, Raul"]
[Black "Jimenez Rimblas, Raul"]
[Result "1-0"]
[WhiteElo "1868"]
[BlackElo "1706"]
[PlyCount "43"]
[EventDate "2014.07.13"]
[EventType "swiss"]
[EventRounds "9"]
[EventCountry "ESP"]
[Source "lmi"]
[SourceDate "2014.07.13"]

1. e4 e5 2. Nf3 Nc6 3. Bc4 Bc5 4. b4 Bxb4 5. c3 Ba5 6. d4 exd4 7. O-O dxc3 8.
Qb3 Qe7 9. Nxc3 Bxc3 10. Qxc3 Nf6 11. e5 Ng4 12. Ba3 d6 13. exd6 cxd6 14. Qxg7
Rf8 15. Rfe1 Nge5 16. Nxe5 Nxe5 17. Rad1 Kd8 18. Bxd6 Qe8 19. Bxf8+ Bd7 20.
Rxe5 Qxe5 21. Qxe5 Kc8 22. Qd6 1-0

[Event "16. Obert Int. Sant Martí 2014 Grupo B"]
[Site "Barcelona ESP"]
[Date "2014.07.17"]
[Round "5.62"]
[White "Ballve Monte, Antoni"]
[Black "Serentill Tost, Eduard"]
[Result "1-0"]
[WhiteElo "1750"]
[BlackElo "1854"]
[PlyCount "59"]
[EventDate "2014.07.13"]
[EventType "swiss"]
[EventRounds "9"]
[EventCountry "ESP"]
[Source "lmi"]
[SourceDate "2014.07.13"]

1. e4 e6 2. c4 d5 3. Nc3 d4 4. Nce2 c5 5. d3 Nc6 6. a3 Nf6 7. g3 Be7 8. Nf3 e5
9. Bg2 O-O 10. Nh4 Be6 11. f4 exf4 12. Nxf4 Bd7 13. Nd5 Nxd5 14. cxd5 Ne5 15.
Nf3 f6 16. Qb3 Qc8 17. O-O Bd6 18. Bf4 Qc7 19. Nxe5 fxe5 20. Bxe5 Kh8 21. Bxd6
Qxd6 22. Rxf8+ Rxf8 23. Qxb7 a6 24. Qb3 h5 25. Re1 Rb8 26. Qc2 Re8 27. Qe2 Qe5
28. Rf1 g6 29. Qd2 Kh7 30. Rf7+ 1-0

[Event "16. Obert Int. Sant Martí 2014 Grupo B"]
[Site "Barcelona ESP"]
[Date "2014.07.17"]
[Round "5.63"]
[White "Martinez Torras, Pol"]
[Black "Olleta Tanya, Jordi"]
[Result "1-0"]
[WhiteElo "1849"]
[BlackElo "1749"]
[PlyCount "111"]
[EventDate "2014.07.13"]
[EventType "swiss"]
[EventRounds "9"]
[EventCountry "ESP"]
[Source "lmi"]
[SourceDate "2014.07.13"]

1. d4 e6 2. Nf3 Nf6 3. c4 Bb4+ 4. Bd2 Bxd2+ 5. Nbxd2 O-O 6. e3 Nc6 7. a3 d5 8.
Qc2 dxc4 9. Bxc4 Ne7 10. O-O c6 11. Rfe1 Ng6 12. Bd3 Qd5 13. Rac1 Qh5 14. Qc5
Qh6 15. Qg5 Qxg5 16. Nxg5 Bd7 17. Bxg6 hxg6 18. Nc4 Nd5 19. Na5 f6 20. Ne4 Rab8
21. Nd6 b6 22. Nxc6 Bxc6 23. Rxc6 Rfd8 24. Nb5 a6 25. Nc3 Nxc3 26. Rxc3 Rbc8
27. Rec1 Rxc3 28. Rxc3 Rd6 29. Kf1 Kh7 30. Ke2 g5 31. f3 b5 32. e4 Kg6 33. g3
Kh5 34. Rc5 Kh6 35. d5 exd5 36. exd5 Kg6 37. g4 Kf7 38. Ke3 g6 39. Kd4 Ke7 40.
Rc7+ Kd8 41. Rg7 a5 42. Kc5 Ra6 43. Kxb5 Rd6 44. Kc5 Ra6 45. Rxg6 Ke7 46. Rg7+
Kf8 47. Rc7 Ke8 48. Rc6 Ra8 49. Rxf6 Rb8 50. b4 axb4 51. axb4 Ke7 52. Rc6 Rh8
53. b5 Rxh2 54. Rc7+ Kf6 55. b6 Rc2+ 56. Kd6 1-0

[Event "16. Obert Int. Sant Martí 2014 Grupo B"]
[Site "Barcelona ESP"]
[Date "2014.07.17"]
[Round "5.64"]
[White "Herrera Vargas, Carlo Esteban"]
[Black "Recacha Limeres, Sergi"]
[Result "1/2-1/2"]
[WhiteElo "1748"]
[BlackElo "1839"]
[PlyCount "55"]
[EventDate "2014.07.13"]
[EventType "swiss"]
[EventRounds "9"]
[EventCountry "ESP"]
[Source "lmi"]
[SourceDate "2014.07.13"]

1. e4 e6 2. d4 d5 3. exd5 exd5 4. Nf3 Bg4 5. h3 Qe7+ 6. Qe2 Bxf3 7. Qxe7+ Bxe7
8. gxf3 Nf6 9. Be3 O-O 10. Nc3 Bb4 11. Bg5 Re8+ 12. Be2 Nbd7 13. Rg1 c5 14.
dxc5 d4 15. a3 Bxc3+ 16. bxc3 d3 17. cxd3 Nd5 18. Rc1 Nxc5 19. Kd1 Rac8 20. Bd2
Nb3 21. Rc2 Nxd2 22. Kxd2 Nxc3 23. Rxc3 Rxe2+ 24. Kxe2 Rxc3 25. Rb1 b6 26. a4
Rc2+ 27. Ke3 Ra2 28. Rb4 1/2-1/2

[Event "16. Obert Int. Sant Martí 2014 Grupo B"]
[Site "Barcelona ESP"]
[Date "2014.07.17"]
[Round "5.65"]
[White "Pico Garcia, Antonio"]
[Black "Cassi Gimeno, Jordi"]
[Result "1-0"]
[WhiteElo "1792"]
[BlackElo "1700"]
[PlyCount "91"]
[EventDate "2014.07.13"]
[EventType "swiss"]
[EventRounds "9"]
[EventCountry "ESP"]
[Source "lmi"]
[SourceDate "2014.07.13"]

1. e4 e5 2. Nf3 Nc6 3. Bc4 Bc5 4. b4 d5 5. bxc5 dxc4 6. c3 Bg4 7. O-O Nf6 8.
Re1 O-O 9. Na3 Qd3 10. Re3 Qd7 11. Nxc4 Rfd8 12. Qc2 Bxf3 13. Rxf3 Qg4 14. d3
h5 15. Rg3 Qe6 16. Bg5 Rd7 17. Re1 Kf8 18. Qe2 g6 19. Qf3 Nh7 20. Bh6+ Kg8 21.
Qxh5 Qf6 22. Qh3 Re7 23. Ne3 Qh8 24. Nf5 Nf8 25. Nxe7+ Nxe7 26. Bg5 Qxh3 27.
Rxh3 Nc6 28. Bf6 Nh7 29. Rf3 Nxf6 30. Rxf6 Rd8 31. Re3 Rd7 32. Ref3 Kf8 33.
Rxg6 Ke7 34. Rgf6 Nd8 35. h4 Kf8 36. Rg3 Ne6 37. h5 Ke7 38. Rf5 f6 39. h6 Kf8
40. Rxf6+ Ke7 41. h7 Rd8 42. Rg8 Rxg8 43. hxg8=Q Kxf6 44. Qh8+ Ng7 45. Qd8+ Kg6
46. Qxc7 1-0

[Event "16. Obert Int. Sant Martí 2014 Grupo B"]
[Site "Barcelona ESP"]
[Date "2014.07.17"]
[Round "5.66"]
[White "Bes Alvarez, Alex"]
[Black "Sarrio Vendrell, Nerea"]
[Result "0-1"]
[WhiteElo "1734"]
[BlackElo "1792"]
[PlyCount "122"]
[EventDate "2014.07.13"]
[EventType "swiss"]
[EventRounds "9"]
[EventCountry "ESP"]
[Source "lmi"]
[SourceDate "2014.07.13"]

1. d4 d5 2. Nf3 Nf6 3. e3 Nc6 4. Bd3 e6 5. O-O Bd6 6. b3 O-O 7. Bb2 Re8 8. Ne5
Nd7 9. Nxc6 bxc6 10. f4 c5 11. c4 Ba6 12. cxd5 Bxd3 13. Qxd3 exd5 14. Nd2 Nf6
15. Rae1 Rb8 16. Ba3 cxd4 17. Bxd6 dxe3 18. Rxe3 Qxd6 19. Rxe8+ Rxe8 20. Qd4
Qb6 21. Qxb6 axb6 22. Nf3 Ng4 23. b4 Ra8 24. Rc1 Rxa2 25. h3 Nf6 26. Rxc7 Kf8
27. Rb7 Ra8 28. Rxb6 Rd8 29. b5 d4 30. Rb7 d3 31. b6 d2 32. Nxd2 Rxd2 33. Rb8+
Ke7 34. Ra8 Nd7 35. b7 Rb2 36. Ra7 h6 37. Kf1 Kd6 38. Ke1 Kc6 39. Kd1 Rxb7 40.
Rxb7 Kxb7 41. Ke2 Kc6 42. Kf3 Kd6 43. g3 Ke6 44. g4 Kf6 45. h4 g5 46. h5 gxf4
47. Kxf4 Kg7 48. Kf5 Nf6 49. g5 Nxh5 50. g6 fxg6+ 51. Kg4 Kf6 52. Kh4 Kf5 53.
Kh3 Kf4 54. Kh4 g5+ 55. Kh3 Kf3 56. Kh2 Nf6 57. Kh3 Kf2 58. Kh2 g4 59. Kh1 h5
60. Kh2 g3+ 61. Kh1 g2+ 0-1

[Event "16. Obert Int. Sant Martí 2014 Grupo B"]
[Site "Barcelona ESP"]
[Date "2014.07.17"]
[Round "5.67"]
[White "Marabajan Navas, Saul"]
[Black "Montoro Rueda, Raul"]
[Result "0-1"]
[WhiteElo "1723"]
[BlackElo "1775"]
[PlyCount "74"]
[EventDate "2014.07.13"]
[EventType "swiss"]
[EventRounds "9"]
[EventCountry "ESP"]
[Source "lmi"]
[SourceDate "2014.07.13"]

1. e4 d5 2. exd5 Qxd5 3. Nc3 Qd6 4. Nge2 e5 5. g3 Nf6 6. Bg2 Nc6 7. O-O Be7 8.
d3 Be6 9. Be3 Nd5 10. Nb5 Qd7 11. Nec3 Nb6 12. Ne4 a6 13. Nbc3 O-O 14. Qh5 Bg4
15. Bh3 Bxh3 16. Ng5 Bxg5 17. Qxg5 Bxf1 18. Kxf1 Nd4 19. Ne4 Qh3+ 20. Ke1 Nf3+
21. Ke2 Nxg5 22. Nxg5 Qh5+ 23. f3 Qxh2+ 24. Bf2 Nd5 25. Rg1 Rfe8 26. Kf1 Qh6
27. Ne4 b6 28. f4 exf4 29. gxf4 Qxf4 30. Rg5 Ne3+ 31. Ke1 Rxe4 32. dxe4 Qxg5
33. a4 Rd8 34. b3 Nxc2+ 35. Ke2 Qf4 36. e5 Rd2+ 37. Kf1 Qxf2# 0-1

[Event "16. Obert Int. Sant Martí 2014 Grupo B"]
[Site "Barcelona ESP"]
[Date "2014.07.17"]
[Round "5.68"]
[White "Perez Ramirez, Placido"]
[Black "Cassi De La Viuda, Àlex"]
[Result "0-1"]
[WhiteElo "1800"]
[BlackElo "1700"]
[PlyCount "122"]
[EventDate "2014.07.13"]
[EventType "swiss"]
[EventRounds "9"]
[EventCountry "ESP"]
[Source "lmi"]
[SourceDate "2014.07.13"]

1. e4 c5 2. Nf3 a6 3. c3 Nc6 4. d4 d6 5. h3 Nf6 6. Bd3 e6 7. Bc2 b5 8. a3 Qb6
9. O-O Be7 10. Re1 Nd7 11. Be3 O-O 12. b3 Bb7 13. Qd3 e5 14. d5 Nd8 15. Nbd2 f6
16. c4 Nf7 17. b4 Rac8 18. bxc5 Nxc5 19. Qe2 Qc7 20. cxb5 axb5 21. Rac1 Ba6 22.
Bd3 Qa5 23. Nb1 Qa4 24. Bc2 Qa5 25. Bd2 Qb6 26. Qd1 Nd8 27. Kh1 Ndb7 28. Nh4
Na5 29. Qg4 Kh8 30. Nf5 Rf7 31. f4 Nab3 32. Bxb3 Nxb3 33. Rxc8+ Bxc8 34. Bb4 g6
35. Qf3 Nd4 36. Nxd4 Qxd4 37. f5 Rg7 38. h4 Bd7 39. Bd2 h6 40. Bxh6 Rh7 41. Be3
Rxh4+ 42. Kg1 Qxe4 43. Qg3 Bxf5 44. Bf2 Qf4 45. Qxh4+ Qxh4 46. Bxh4 g5 47. Bf2
Bg4 48. Re4 f5 49. Rb4 Be2 50. Nc3 Bc4 51. Nxb5 Bxd5 52. Nc7 Bc6 53. a4 d5 54.
a5 Bxb4 55. a6 Ba5 56. Ne6 g4 57. Kh1 d4 58. Kh2 d3 59. Nc5 d2 60. Nb3 d1=Q 61.
Nxa5 Qd5 0-1

[Event "16. Obert Int. Sant Martí 2014 Grupo B"]
[Site "Barcelona ESP"]
[Date "2014.07.17"]
[Round "5.69"]
[White "Izquierdo Pujol, Pol"]
[Black "Guinjoan Fradera, Joan"]
[Result "1-0"]
[WhiteElo "1721"]
[BlackElo "1770"]
[PlyCount "43"]
[EventDate "2014.07.13"]
[EventType "swiss"]
[EventRounds "9"]
[EventCountry "ESP"]
[Source "lmi"]
[SourceDate "2014.07.13"]

1. e4 e6 2. d4 c5 3. d5 exd5 4. exd5 d6 5. c4 Nf6 6. Nf3 Be7 7. Bd3 O-O 8. O-O
Na6 9. a3 Nc7 10. Bf4 a6 11. Nbd2 Bd7 12. Ne4 Nxe4 13. Bxe4 Bg4 14. Re1 Re8 15.
Re3 Bf6 16. Qc2 h6 17. h3 Bxf3 18. Rxf3 Be5 19. Bh7+ Kf8 20. Bxh6 gxh6 21. Qg6
f6 22. Qg8+ 1-0

[Event "16. Obert Int. Sant Martí 2014 Grupo B"]
[Site "Barcelona ESP"]
[Date "2014.07.17"]
[Round "5.70"]
[White "Garcia Extremera, Manuel"]
[Black "Garcia Hernandez, Jose Luis"]
[Result "1-0"]
[WhiteElo "1759"]
[BlackElo "1700"]
[PlyCount "91"]
[EventDate "2014.07.13"]
[EventType "swiss"]
[EventRounds "9"]
[EventCountry "ESP"]
[Source "lmi"]
[SourceDate "2014.07.13"]

1. d4 Nf6 2. c4 g6 3. Nc3 Bg7 4. e4 d6 5. Nf3 Bg4 6. Be2 c6 7. h3 Bxf3 8. Bxf3
O-O 9. O-O c5 10. e5 Nc6 11. exf6 Bxf6 12. Bxc6 bxc6 13. d5 Qc7 14. Qf3 Rac8
15. dxc6 Bxc3 16. bxc3 Qb6 17. Bh6 Rfe8 18. Rab1 Qa6 19. Qe2 Rxc6 20. h4 Qc8
21. h5 Rc7 22. hxg6 fxg6 23. g4 e5 24. Qe4 Rf7 25. f3 Qd8 26. g5 Qd7 27. Kg2
Qf5 28. Qxf5 Rxf5 29. Rb7 Rf7 30. Rxf7 Kxf7 31. Rb1 Re7 32. Rb8 Re8 33. Rxe8
Kxe8 34. Bg7 Kf7 35. Bf6 Ke6 36. Kf2 Kf5 37. Ke3 h5 38. Be7 Ke6 39. Bd8 Kd7 40.
Bf6 Ke6 41. f4 Kf5 42. fxe5 dxe5 43. Be7 h4 44. Bxc5 h3 45. Kf3 Kxg5 46. Kg3
1-0

[Event "16. Obert Int. Sant Martí 2014 Grupo B"]
[Site "Barcelona ESP"]
[Date "2014.07.17"]
[Round "5.72"]
[White "Martimpé Burgués, Xavier"]
[Black "Ferrer Ache, Jesus"]
[Result "0-1"]
[WhiteElo "1700"]
[BlackElo "1728"]
[PlyCount "102"]
[EventDate "2014.07.13"]
[EventType "swiss"]
[EventRounds "9"]
[EventCountry "ESP"]
[Source "lmi"]
[SourceDate "2014.07.13"]

1. e4 e5 2. Nf3 d6 3. d4 Qe7 4. dxe5 dxe5 5. Nc3 c6 6. Bc4 h6 7. Be3 Bg4 8. Be2
g5 9. Nd2 Be6 10. Nc4 Bxc4 11. Bxc4 Nd7 12. O-O Ngf6 13. h3 Nc5 14. Bd3 Qc7 15.
Qf3 Ncd7 16. a3 Be7 17. b4 Rd8 18. Bxa7 b6 19. Bxb6 Qxb6 20. Rfd1 Kf8 21. b5 c5
22. Bc4 Rh7 23. Nd5 Qa5 24. Qf5 Rg7 25. Rd3 Qa4 26. Rc3 Qa5 27. a4 Nxd5 28. Rf3
N5f6 29. Bb3 Qb4 30. Rd1 Qxe4 31. a5 Qb7 32. b6 Qc6 33. Bc4 Qa4 34. Qd3 e4 35.
Qe3 Qxc4 36. Qb3 Qa6 37. Rf5 Qxa5 38. b7 Qc7 39. Ra1 Rb8 40. Ra8 Bd6 41. g3 c4
42. Qb5 Ke7 43. Qb2 Rxb7 44. Qa2 Ne5 45. Kg2 Qd7 46. g4 Qc6 47. Kf1 Nf3 48. Ke2
Nd4+ 49. Kd1 Nxf5 50. gxf5 Qd5+ 51. Kc1 Bf4# 0-1

[Event "16. Obert Int. Sant Martí 2014 Grupo B"]
[Site "Barcelona ESP"]
[Date "2014.07.17"]
[Round "5.73"]
[White "Pozanco Villalba, Victor"]
[Black "Doménech López, Laura"]
[Result "1-0"]
[WhiteElo "1700"]
[BlackElo "1721"]
[PlyCount "65"]
[EventDate "2014.07.13"]
[EventType "swiss"]
[EventRounds "9"]
[EventCountry "ESP"]
[Source "lmi"]
[SourceDate "2014.07.13"]

1. Nf3 Nf6 2. d4 g6 3. e3 Bg7 4. c4 d6 5. Nc3 O-O 6. Bd3 c5 7. d5 Re8 8. O-O a6
9. Re1 Bd7 10. e4 Bg4 11. Be3 Nbd7 12. Be2 Qb6 13. Na4 Qa5 14. Bd2 Qd8 15. h3
Bxf3 16. Bxf3 b5 17. cxb5 axb5 18. Nc3 Nb6 19. Nxb5 Na4 20. Bc3 Nxc3 21. bxc3
Nd7 22. a4 Qa5 23. Ra3 Ne5 24. Be2 Rec8 25. f4 Nd7 26. Bg4 Nb6 27. Bxc8 Nxa4
28. Bd7 Nxc3 29. Rxa5 Bd4+ 30. Nxd4 Nxd1 31. Rxa8+ Kg7 32. Rxd1 cxd4 33. Rxd4
1-0